El estado y la pobreza en Costa Rica /
En el presente artículo intenta contribuir al acervo de conocimientos sobre el papel del Estado en materia de transferencias y atención a los pobres en Costa Rica. Se analiza el efecto directo del subsidio público provisto a través de los programas de salud, educación, vivienda, alimentación, seguri...
Збережено в:
| Автор: | |
|---|---|
| Формат: | Текст |
| Предмети: | |
| Теги: |
Додати тег
Немає тегів, Будьте першим, хто поставить тег для цього запису!
|
MARC
| LEADER | 00000 a a2200000 04500 | ||
|---|---|---|---|
| 001 | 44097 | ||
| 003 | |||
| 040 | |||
| 100 | |a Taylor-Dormond, Marvin | ||
| 245 | |a El estado y la pobreza en Costa Rica / |c Marvin Taylor-Dormond | ||
| 520 | |a En el presente artículo intenta contribuir al acervo de conocimientos sobre el papel del Estado en materia de transferencias y atención a los pobres en Costa Rica. Se analiza el efecto directo del subsidio público provisto a través de los programas de salud, educación, vivienda, alimentación, seguridad social y agua y alcantarillados, sobre la incidencia e intensidad de la pobreza en Costa Rica. | ||
| 590 | |a RRH/MARZO2013 | ||
| 650 | |a POBREZA | ||
| 650 | |a GASTOS PUBLICOS | ||
| 650 | |a LIBRE MERCADO | ||
| 650 | |a ESTADO | ||
| 650 | |a INGRESOS | ||
| 650 | |a SUBSIDIOS | ||
| 650 | |a PROGRAMAS SOCIALES | ||
| 773 | |g páginas 325-359 : tablas | ||
| 999 | |c 24473 |d 24473 | ||
